[Event "45th Biel Masters Open"]
[Site "Biel SUI"]
[Date "2012.07.23"]
[EventDate "2012.07.23"]
[Round "1"]
[Result "0-1"]
[White "Pablo Schmid"]
[Black "Samuel Shankland"]
[WhiteElo "2133"]
[BlackElo "2579"]
[PlyCount "62"]

1. d4 Nf6 2. Nf3 g6 3. Nc3 d5 4. Bf4 Bg7 5. e3 O-O 6. Be2 c5
7. Ne5 Nc6 8. O-O cxd4 9. exd4 Bf5 10. Nxc6 bxc6 11. Na4 Nd7
12. c3 e5 13. Be3 Re8 14. Re1 Qc7 15. b4 Re7 16. Ba6 Rae8
17. Qd2 Nf6 18. f3 e4 19. Bf4 Qd8 20. Nc5 exf3 21. gxf3 Nh5
22. Nb7 Qb6 23. Nd6 Rxe1+ 24. Rxe1 Rxe1+ 25. Qxe1 Be6 26. Be5
Qxa6 27. Bxg7 Nxg7 28. Qh4 h6 29. Qd8+ Kh7 30. Qf8 Qe2
31. Nxf7 Qe3+ 0-1

[Event "45th Biel Masters Open"]
[Site "Biel SUI"]
[Date "2012.07.26"]
[EventDate "2012.07.23"]
[Round "4"]
[Result "1/2-1/2"]
[White "Samuel Shankland"]
[Black "Igor Kurnosov"]
[WhiteElo "2579"]
[BlackElo "2663"]
[PlyCount "57"]

1. d4 Nf6 2. c4 g6 3. Nc3 d5 4. Nf3 Bg7 5. Qb3 dxc4 6. Qxc4
O-O 7. e4 Nc6 8. Be2 e5 9. d5 Nd4 10. Nxd4 exd4 11. Qxd4 c6
12. Qc4 b5 13. Qxc6 Bd7 14. Qd6 Re8 15. Bg5 b4 16. Qxb4 Nxd5
17. Nxd5 Qxg5 18. O-O Rab8 19. Qd6 Bh3 20. Nf4 Bg4 21. Bxg4
Be5 22. Qd1 Qxf4 23. g3 Qxe4 24. Re1 Qb4 25. Bd7 Re7 26. Ba4
Qxb2 27. Rb1 Qxb1 28. Qxb1 Rxb1 29. Rxb1 1/2-1/2

[Event "45th Biel Masters Open"]
[Site "Biel SUI"]
[Date "2012.07.27"]
[EventDate "2012.07.23"]
[Round "5"]
[Result "1/2-1/2"]
[White "Boris Grachev"]
[Black "Samuel Shankland"]
[WhiteElo "2674"]
[BlackElo "2579"]
[PlyCount "119"]

1. d4 Nf6 2. c4 g6 3. Nc3 d5 4. Nf3 Bg7 5. Qb3 dxc4 6. Qxc4
O-O 7. e4 a6 8. e5 b5 9. Qb3 Nfd7 10. Be2 c5 11. e6 fxe6
12. Qxe6+ Kh8 13. dxc5 Ne5 14. Qd5 Qxd5 15. Nxd5 Nxf3+
16. Bxf3 Bb7 17. Nc7 Bxf3 18. gxf3 Ra7 19. Ne6 Rxf3 20. O-O
Nc6 21. Rd1 Rf6 22. Nxg7 Kxg7 23. Be3 Kf7 24. Kg2 Rf5 25. Rd2
Rb7 26. h3 Ke8 27. Rad1 Rh5 28. Kg3 Rf5 29. h4 Re5 30. Rd3 Rf5
31. f4 Rh5 32. Kg4 Rf5 33. Rd5 Rxd5 34. Rxd5 Rd7 35. Rxd7 Kxd7
36. Kg5 Ke8 37. Kh6 Kf7 38. Kxh7 e5 39. Kh6 exf4 40. Bxf4 Kf6
41. Bd2 Kf7 42. Bc3 Nd8 43. Bh8 Nc6 44. Kg5 Nd8 45. Kg4 Ke6
46. Kf4 Nc6 47. Kg5 Kf7 48. Bf6 Nb8 49. a3 Nc6 50. h5 gxh5
51. Kf5 a5 52. Bh4 a4 53. Bg5 b4 54. axb4 Nxb4 55. Ke5 Nd3+
56. Kd6 Nxb2 57. c6 Nc4+ 58. Kc5 Ke6 59. Kxc4 a3 60. Kb3
1/2-1/2

[Event "45th Biel Masters Open"]
[Site "Biel SUI"]
[Date "2012.07.28"]
[EventDate "2012.07.23"]
[Round "6"]
[Result "1-0"]
[White "Samuel Shankland"]
[Black "Alexander Cherniaev"]
[WhiteElo "2579"]
[BlackElo "2484"]
[PlyCount "35"]

1. d4 Nf6 2. c4 e6 3. Nc3 Bb4 4. Qc2 d6 5. Nf3 Nbd7 6. g3 b6
7. Bg2 Bb7 8. O-O Bxc3 9. Qxc3 c5 10. Rd1 O-O 11. b3 Qc7
12. Bb2 Ne4 13. Qc2 f5 14. d5 exd5 15. cxd5 Ndf6 16. Nd4 Nxd5
17. Ne6 Nb4 18. Qxe4 1-0

[Event "45th Biel Masters Open"]
[Site "Biel SUI"]
[Date "2012.07.30"]
[EventDate "2012.07.23"]
[Round "7"]
[Result "1/2-1/2"]
[White "Evgeny Postny"]
[Black "Samuel Shankland"]
[WhiteElo "2653"]
[BlackElo "2579"]
[PlyCount "91"]

1. Nf3 Nf6 2. c4 g6 3. Nc3 d5 4. cxd5 Nxd5 5. Qa4+ Nc6 6. Ne5
Qd6 7. Nxc6 Qxc6 8. Qxc6+ bxc6 9. b3 Nb4 10. Kd1 Be6 11. Bb2
Bg7 12. Kc1 O-O 13. Na4 Bh6 14. Nc5 Rad8 15. e3 Bf5 16. a3 Nc2
17. Ra2 Rd5 18. b4 Rxc5 19. bxc5 Be6 20. Kxc2 Bxa2 21. Be5 Rb8
22. Bxc7 Rb1 23. g3 Rb7 24. Be5 Bb3+ 25. Kc3 Bd5 26. Ba6 Rb3+
27. Kc2 f6 28. Bd4 e5 29. e4 Bf7 30. Bc3 Rxa3 31. Ra1 Rxa1
32. Bxa1 Bf8 33. d4 exd4 34. Bxd4 Be7 35. Kc3 Be6 36. f4 Kf7
37. Be2 f5 38. Bf3 fxe4 39. Bxe4 Bd7 40. Kb4 Bd8 41. Be5 Be7
42. Bc7 Bf6 43. Bd6 Bd4 44. Ka5 Bg1 45. h3 Bh2 46. g4 1/2-1/2

[Event "2nd Riga Tech Open"]
[Site "Riga LAT"]
[Date "2012.08.07"]
[EventDate "?"]
[Round "2"]
[Result "1-0"]
[White "Samuel Shankland"]
[Black "Valdis Saulespurens"]
[WhiteElo "2581"]
[BlackElo "2304"]
[PlyCount "73"]

1. d4 Nf6 2. Nf3 g6 3. Bg5 Bg7 4. Nbd2 O-O 5. c3 d5 6. e3 Nbd7
7. Be2 Re8 8. Bf4 c6 9. O-O Kh8 10. Re1 b6 11. h3 Bb7 12. Bh2
c5 13. a4 Ne4 14. a5 Bc6 15. Bf1 f5 16. c4 e6 17. Ra3 g5
18. axb6 axb6 19. Rxa8 Bxa8 20. cxd5 Bxd5 21. Bb5 Qe7 22. Bxd7
Qxd7 23. Nxe4 Bxe4 24. Nxg5 Bd5 25. Qh5 h6 26. Be5 Kg8 27. e4
fxe4 28. Nxe4 cxd4 29. Qg6 Bxe4 30. Rxe4 Qf7 31. Rg4 Qxg6
32. Rxg6 Re7 33. Bxd4 Kh7 34. Rxg7+ Rxg7 35. Bxg7 Kxg7 36. f4
Kf6 37. Kf2 1-0

[Event "US Chess Championships"]
[Site "Saint Louis USA"]
[Date "2013.05.03"]
[EventDate "2013.05.03"]
[Round "1"]
[Result "1-0"]
[White "Conrad Holt"]
[Black "Samuel Shankland"]
[WhiteElo "2513"]
[BlackElo "2612"]
[PlyCount "89"]

1. d4 Nf6 2. c4 e6 3. Nf3 b6 4. g3 Bb7 5. Bg2 c5 6. d5 exd5
7. cxd5 Bxd5 8. Nc3 Bc6 9. e4 d6 10. O-O Be7 11. Nh4 O-O
12. Nf5 Re8 13. Bg5 Bf8 14. Re1 Nbd7 15. Nxd6 Re6 16. Nf5 Qe8
17. Nd5 Bxd5 18. exd5 Rxe1+ 19. Qxe1 Qxe1+ 20. Rxe1 Re8
21. Rxe8 Nxe8 22. Ne7+ Bxe7 23. Bxe7 f5 24. d6 Nef6 25. Bf1
Kf7 26. Bc4+ Ke8 27. Be6 Ne5 28. Bxf5 Nf3+ 29. Kg2 Nd4 30. Bd3
h6 31. Bg6+ Kd7 32. Bf8 Ne6 33. Bf5 Ne8 34. g4 c4 35. Kf3 b5
36. Ke3 b4 37. h4 g6 38. Bxe6+ Kxe6 39. Bxh6 Nf6 40. f3 c3
41. bxc3 bxc3 42. Kd4 Nd7 43. Kxc3 Ne5 44. Bf4 Nxf3 45. Bg3
1-0

[Event "US Chess Championships"]
[Site "Saint Louis USA"]
[Date "2013.05.04"]
[EventDate "2013.05.03"]
[Round "2"]
[Result "1/2-1/2"]
[White "Samuel Shankland"]
[Black "Marc Tyler Arnold"]
[WhiteElo "2612"]
[BlackElo "2538"]
[PlyCount "62"]

1. e4 c5 2. Nf3 e6 3. d4 cxd4 4. Nxd4 a6 5. Nc3 d6 6. Be3 Nc6
7. Qd2 Nf6 8. f3 Be7 9. O-O-O h5 10. h4 Qc7 11. Bg5 Bd7
12. Kb1 Rd8 13. Nxc6 Bxc6 14. Ne2 b5 15. Nd4 Bb7 16. Bd3 Bc8
17. Qf2 g6 18. Rhe1 e5 19. Ne2 Be6 20. Qg3 Nd7 21. Nc3 Nc5
22. Bxe7 Qxe7 23. f4 exf4 24. Qxf4 O-O 25. Nd5 Bxd5 26. exd5
Nxd3 27. cxd3 Qd7 28. Re4 Rfe8 29. Rde1 Rxe4 30. Qxe4 Rc8
31. a3 a5 1/2-1/2

[Event "US Chess Championships"]
[Site "Saint Louis USA"]
[Date "2013.05.07"]
[EventDate "2013.05.03"]
[Round "5"]
[Result "1-0"]
[White "Alejandro Ramirez Alvarez"]
[Black "Samuel Shankland"]
[WhiteElo "2551"]
[BlackElo "2612"]
[PlyCount "67"]

1. Nf3 c5 2. b3 d6 3. c4 g6 4. d4 Bg7 5. e3 Nc6 6. Bb2 Bg4
7. Be2 cxd4 8. Nxd4 Bxe2 9. Qxe2 Nxd4 10. Bxd4 Bxd4 11. exd4
d5 12. c5 Nh6 13. Nd2 Nf5 14. O-O O-O 15. Nf3 b6 16. b4 bxc5
17. dxc5 Re8 18. Rad1 e5 19. Rfe1 f6 20. Qa6 d4 21. Nd2 Kg7
22. Ne4 Rf8 23. c6 Nh4 24. Rc1 Qd5 25. c7 d3 26. Qc6 Qd4
27. Rc4 d2 28. Rd1 Qd3 29. Rxd2 Qb1+ 30. Rc1 Qxb4 31. Rd7+ Kh6
32. Nxf6 Rxf6 33. Qxf6 Qg4 34. Qg7+ 1-0

[Event "China-USA Chess Summit"]
[Site "Ningbo CHN"]
[Date "2013.07.19"]
[EventDate "2013.07.19"]
[Round "1.2"]
[Result "1/2-1/2"]
[White "Lu Shanglei"]
[Black "Samuel Shankland"]
[WhiteElo "2536"]
[BlackElo "2599"]
[PlyCount "62"]

1. e4 e5 2. Nc3 Nf6 3. g3 Nc6 4. Bg2 Bc5 5. Nge2 a5 6. h3 d6
7. O-O O-O 8. d3 Nd4 9. Kh1 c6 10. f4 exf4 11. Bxf4 Ne6 12. d4
Nxf4 13. gxf4 Bb6 14. Qd3 Nh5 15. Qf3 Qh4 16. Nd1 Re8 17. c3
Bf5 18. e5 Re6 19. Qf2 Qxf2 20. Nxf2 dxe5 21. fxe5 f6 22. Bf3
Bg6 23. Bxh5 Bxh5 24. Nf4 Bf3+ 25. Kh2 Re7 26. exf6 Re3
27. f7+ Kxf7 28. Ng4 Bc7 29. Nxe3 Bxf4+ 30. Kg1 Bxe3+ 31. Kh2
Bf4+ 1/2-1/2

[Event "China-USA Chess Summit"]
[Site "Ningbo CHN"]
[Date "2013.07.21"]
[EventDate "2013.07.19"]
[Round "3.2"]
[Result "1/2-1/2"]
[White "Samuel Shankland"]
[Black "Zhou Weiqi"]
[WhiteElo "2599"]
[BlackElo "2616"]
[PlyCount "92"]

1. e4 e6 2. d4 d5 3. Nc3 Nf6 4. e5 Nfd7 5. f4 c5 6. Nf3 Nc6
7. Be3 Rb8 8. Qd2 Qa5 9. Be2 b5 10. O-O b4 11. Nd1 cxd4
12. Nxd4 Nxd4 13. Bxd4 Bc5 14. Ne3 O-O 15. Kh1 Bxd4 16. Qxd4
Qb6 17. Rfd1 Ba6 18. Bxa6 Qxa6 19. a3 bxa3 20. Rxa3 Qb6
21. Rxa7 Nc5 22. Ra2 Ne4 23. Kg1 h6 24. Qxb6 Rxb6 25. Rd4 g5
26. g3 Rfb8 27. Nd1 Kh7 28. Kf1 Kg6 29. Ke2 h5 30. Kf3 h4
31. g4 gxf4 32. Kxf4 f6 33. exf6 Kxf6 34. Ke3 Ke5 35. Ra5 Rb4
36. Rxb4 Rxb4 37. c3 Rb8 38. Ra7 Rg8 39. Kf3 h3 40. b4 Rc8
41. Ra3 Rf8+ 42. Ke2 Ng3+ 43. Kd2 Nf1+ 44. Ke2 Ng3+ 45. Kd2
Nf1+ 46. Ke2 Ng3+ 1/2-1/2

[Event "China-USA Chess Summit"]
[Site "Ningbo CHN"]
[Date "2013.07.22"]
[EventDate "2013.07.19"]
[Round "4.2"]
[Result "1/2-1/2"]
[White "Wen Yang"]
[Black "Samuel Shankland"]
[WhiteElo "2593"]
[BlackElo "2599"]
[PlyCount "65"]

1. c4 Nf6 2. Nc3 e5 3. g3 d5 4. cxd5 Nxd5 5. Bg2 Nb6 6. e3 g6
7. Nf3 Bg7 8. O-O O-O 9. d4 exd4 10. exd4 Nc6 11. Bg5 Qd6
12. Nb5 Qd7 13. Rc1 h6 14. Bf4 Nd5 15. Bd2 Rd8 16. Re1 Nce7
17. Nc3 c6 18. Nxd5 Nxd5 19. Ba5 Nb6 20. Qb3 Qd6 21. Bb4 Qd5
22. Qa3 Be6 23. b3 Re8 24. Bc5 Qd8 25. Qb4 Qc7 26. Re2 Bd5
27. Rce1 Rxe2 28. Rxe2 Rd8 29. Re7 Qc8 30. Bxb6 axb6 31. Qxb6
Bxf3 32. Bxf3 Rd7 33. Rxd7 1/2-1/2

[Event "China-USA Chess Summit"]
[Site "Ningbo CHN"]
[Date "2013.07.23"]
[EventDate "2013.07.19"]
[Round "5.2"]
[Result "0-1"]
[White "Xiu Deshun"]
[Black "Samuel Shankland"]
[WhiteElo "2556"]
[BlackElo "2599"]
[PlyCount "74"]

1. Nf3 Nf6 2. c4 e6 3. Nc3 d5 4. d4 Nbd7 5. cxd5 exd5 6. Bf4
c6 7. h3 Ne4 8. Nxe4 dxe4 9. Nd2 Nf6 10. e3 Nd5 11. Be5 Bf5
12. Qb3 Qd7 13. a3 f6 14. Bg3 Be7 15. f3 Qe6 16. Bf2 O-O-O
17. g4 Bg6 18. f4 f5 19. Nc4 Kb8 20. Rc1 Ka8 21. Rg1 Rhg8
22. Ne5 Bf6 23. Nc4 Rge8 24. Be2 Rc8 25. Na5 Qd7 26. Qc2 Bxd4
27. exd4 Nxf4 28. Qb3 Nxe2 29. Kxe2 f4 30. Rgf1 Bf7 31. Qc3 g5
32. Bg1 h5 33. Nc4 Bxc4+ 34. Qxc4 hxg4 35. hxg4 Qxg4+ 36. Ke1
e3 37. Rc2 f3 0-1

[Event "41st Annual World Open"]
[Site "Arlington USA"]
[Date "2013.07.02"]
[EventDate "2013.07.01"]
[Round "2.1"]
[Result "0-1"]
[White "Samuel Shankland"]
[Black "Leonid Gerzhoy"]
[WhiteElo "2599"]
[BlackElo "2462"]
[PlyCount "90"]

1. d4 Nf6 2. c4 e6 3. Nc3 Bb4 4. e3 c5 5. Ne2 cxd4 6. exd4 O-O
7. a3 Be7 8. Nf4 d5 9. cxd5 exd5 10. Bd3 Nc6 11. Be3 Be6
12. O-O Rc8 13. Rc1 Bd6 14. Re1 Nxd4 15. Bxh7+ Nxh7 16. Qxd4
Rc4 17. Nxe6 fxe6 18. Qd3 Rh4 19. g3 Ng5 20. Bxg5 Qxg5 21. Nb5
Bb8 22. Rc2 Rh6 23. Rce2 Qg4 24. Nd4 e5 25. Nc2 d4 26. Nb4 Qh5
27. h4 a5 28. Nd5 Qf7 29. Qc4 Kh8 30. Qc5 Bd6 31. Qc4 Bb8
32. Qc5 Bd6 33. Qc4 b5 34. Qxb5 e4 35. Qc4 d3 36. Rd2 Rxh4
37. Rxe4 Rh6 38. Qxd3 g5 39. Qe2 Qh7 40. Nf6 Rh1+ 41. Kg2 Qh3+
42. Kf3 Rxf6+ 43. Ke3 Bf4+ 44. Kd3 Qd7+ 45. Kc4 Qa4+ 0-1

[Event "US Championship"]
[Site "Saint Louis USA"]
[Date "2014.05.13"]
[EventDate "2014.05.08"]
[Round "6.1"]
[Result "0-1"]
[White "Aleksandr Lenderman"]
[Black "Samuel Shankland"]
[WhiteElo "2693"]
[BlackElo "2698"]
[PlyCount "98"]

1. d4 d5 2. c4 e6 3. Nf3 Nf6 4. Nc3 Be7 5. Bf4 O-O 6. e3 Nbd7
7. Qc2 c5 8. Rd1 cxd4 9. Rxd4 Qa5 10. Rd1 Nb6 11. Nd2 Bb4
12. a3 Bxc3 13. Qxc3 Qxc3 14. bxc3 Bd7 15. Be5 Ba4 16. Rb1
Nfd7 17. Bd6 Rfc8 18. cxd5 exd5 19. Nf3 Rc6 20. Be7 Rxc3
21. Bb4 Rc7 22. Be2 Nc4 23. Nd4 Nf6 24. Rc1 Rac8 25. Nf5 Nd6
26. Rxc7 Rxc7 27. Ne7+ Kf8 28. Ng6+ Ke8 29. O-O Nde4 30. Ne5
b6 31. Ra1 a5 32. Be1 Nc3 33. Bd3 Nfe4 34. Nf3 Bb5 35. Bxb5+
Nxb5 36. a4 Nbc3 37. Nd4 Rc4 38. f3 Nc5 39. Bxc3 Rxc3 40. Nb5
Rxe3 41. Nc7+ Kd7 42. Nxd5 Rb3 43. Rd1 Kc6 44. Ne7+ Kc7
45. Rd4 Ra3 46. Nd5+ Kc6 47. Ne7+ Kb7 48. Rd8 Rxa4 49. Rf8 Rd4
0-1

[Event "US Championship"]
[Site "Saint Louis USA"]
[Date "2014.05.19"]
[EventDate "2014.05.07"]
[Round "11"]
[Result "1/2-1/2"]
[White "Samuel Shankland"]
[Black "Timur Gareev"]
[WhiteElo "2634"]
[BlackElo "2653"]
[PlyCount "91"]

1. e4 c5 2. Nf3 d6 3. d4 cxd4 4. Nxd4 Nf6 5. Nc3 g6 6. Be3 Bg7
7. f3 h5 8. Qd2 a6 9. Be2 b5 10. a4 b4 11. Na2 a5 12. c3 bxc3
13. Nxc3 O-O 14. O-O Bb7 15. Rfd1 Na6 16. Bb5 Rc8 17. Nb3 Ra8
18. Na2 Nb8 19. Rac1 Nbd7 20. Nc3 Ne5 21. Qf2 Qb8 22. h3 Ba6
23. Qe2 Qb7 24. Bd4 Bh6 25. Ra1 Bxb5 26. axb5 a4 27. Rxa4 Rxa4
28. Nxa4 Ra8 29. Nc3 Bf4 30. Be3 Bxe3+ 31. Qxe3 Nc4 32. Qd4
Nb6 33. Ra1 Rxa1+ 34. Nxa1 d5 35. Nb3 dxe4 36. fxe4 Qc7
37. Na5 e5 38. Qf2 Kg7 39. Nc6 Nbd7 40. Qd2 Qb6+ 41. Qf2 Qc7
42. b4 Qd6 43. Qe3 Qe6 44. Na5 Qd6 45. Nc6 Qe6 46. Na5 1/2-1/2

[Event "9th Edmonton International"]
[Site "Edmonton, Canada"]
[Date "2014.06.21"]
[EventDate "2014.??.??"]
[Round "1.4"]
[Result "1-0"]
[White "Samuel Shankland"]
[Black "Alex Yam"]
[WhiteElo "2632"]
[BlackElo "2299"]
[PlyCount "81"]

1. d4 Nf6 2. c4 e6 3. Nf3 Bb4+ 4. Nbd2 O-O 5. a3 Bxd2+ 6. Qxd2
d6 7. e3 Nbd7 8. Be2 e5 9. Qc2 Qe7 10. O-O Re8 11. b4 e4
12. Nd2 Nf8 13. d5 Bg4 14. Nb3 Ng6 15. Nd4 Bxe2 16. Qxe2 Qe5
17. Kh1 b5 18. cxb5 Qxd5 19. Bb2 Ne5 20. Rac1 Nd3 21. Rxc7 Qa2
22. Bc3 Qxe2 23. Nxe2 Nd5 24. Rc6 Rac8 25. Bd4 Rxc6 26. bxc6
a6 27. Ng3 g6 28. Kg1 f5 29. f3 exf3 30. gxf3 Ne5 31. Bxe5
dxe5 32. e4 Ne7 33. Rc1 Kf7 34. exf5 gxf5 35. a4 Ke6 36. b5
axb5 37. axb5 Nd5 38. c7 Kd7 39. Rd1 Ke6 40. b6 Nxb6 41. Rd8
1-0

[Event "US Championship"]
[Site "Saint Louis USA"]
[Date "2014.05.08"]
[EventDate "2014.05.08"]
[Round "1.4"]
[Result "1/2-1/2"]
[White "Alejandro Ramirez Alvarez"]
[Black "Samuel Shankland"]
[WhiteElo "2679"]
[BlackElo "2698"]
[PlyCount "65"]

1. Nf3 d5 2. g3 g6 3. c4 dxc4 4. Qa4+ Nc6 5. Qxc4 Bg7 6. Bg2
Nf6 7. d3 O-O 8. O-O Bg4 9. Nc3 Bxf3 10. Bxf3 Ne5 11. Qf4
Nxf3+ 12. Qxf3 c6 13. Bd2 Qd7 14. Rfc1 Nd5 15. Rab1 Rfd8
16. b4 Nxc3 17. Bxc3 Qd5 18. Qxd5 Rxd5 19. Bxg7 Kxg7 20. a4
Rad8 21. Rc3 e5 22. f3 Kf6 23. Kf2 Ke6 24. Ke3 f5 25. f4 Kd6
26. Kf3 Ke6 27. h4 R8d7 28. Rc4 Rd4 29. Rc5 R4d5 30. Ke3 Rxc5
31. bxc5 Kd5 32. fxe5 Kxe5 33. Rb4 1/2-1/2

[Event "US Championship"]
[Site "Saint Louis USA"]
[Date "2014.05.10"]
[EventDate "2014.05.08"]
[Round "3.5"]
[Result "1/2-1/2"]
[White "Sergey Erenburg"]
[Black "Samuel Shankland"]
[WhiteElo "2717"]
[BlackElo "2698"]
[PlyCount "75"]

1. e4 e5 2. Nf3 Nc6 3. Bb5 Nf6 4. d3 Bc5 5. c3 O-O 6. O-O Re8
7. Bg5 h6 8. Bh4 Be7 9. Nbd2 d6 10. Re1 Bd7 11. Nf1 Nh7
12. Bxe7 Nxe7 13. Bc4 b5 14. Bb3 Ng6 15. a4 a6 16. d4 Nf6
17. Ng3 c5 18. axb5 axb5 19. Rxa8 Qxa8 20. dxc5 dxc5 21. Nh5
Nxh5 22. Qxd7 c4 23. Bc2 Qb8 24. Rd1 Nf6 25. Qc6 Re6 26. Qc5
Qb6 27. Qxb6 Rxb6 28. Rd8+ Kh7 29. Ra8 b4 30. cxb4 Rxb4
31. Ra2 Nd7 32. Kf1 Nf4 33. g3 Ne6 34. Ra4 Rxb2 35. Rxc4 f6
36. h4 h5 37. Ke1 Ndc5 38. Kd1 1/2-1/2

[Event "US Championship"]
[Site "Saint Louis USA"]
[Date "2014.05.14"]
[EventDate "2014.05.08"]
[Round "7.4"]
[Result "0-1"]
[White "Samuel Shankland"]
[Black "Daniel Naroditsky"]
[WhiteElo "2698"]
[BlackElo "2632"]
[PlyCount "58"]

1. Nf3 Nf6 2. c4 g6 3. Nc3 Bg7 4. e4 d6 5. d4 O-O 6. Be2 e5
7. O-O exd4 8. Nxd4 Re8 9. f3 Nc6 10. Be3 Nh5 11. Nc2 Be5
12. Nd5 Bxb2 13. g4 Ng7 14. Rb1 Bf6 15. Kh1 Ne6 16. f4 Bg7
17. g5 Nc5 18. e5 Ne4 19. Bd3 Bf5 20. exd6 Qxd6 21. Rb3 Ne7
22. Nxe7+ Rxe7 23. Qf3 Rd8 24. Ne1 Bd4 25. Bxd4 Qxd4 26. Nc2
Qc5 27. Rb5 Rxd3 28. Qxd3 Nf2+ 29. Rxf2 Qc6+ 0-1

[Event "US Championship"]
[Site "Saint Louis USA"]
[Date "2014.05.16"]
[EventDate "2014.05.08"]
[Round "8.6"]
[Result "1/2-1/2"]
[White "Mackenzie Molner"]
[Black "Samuel Shankland"]
[WhiteElo "2634"]
[BlackElo "2698"]
[PlyCount "70"]

1. d4 d5 2. c4 c6 3. Nc3 Nf6 4. cxd5 cxd5 5. Bf4 Nc6 6. e3 Bf5
7. Qb3 Na5 8. Qa4+ Bd7 9. Qc2 e6 10. h3 Ne4 11. Bd3 Nxc3
12. bxc3 Rc8 13. Rb1 b6 14. Ba6 Nc4 15. Rb3 Ba4 16. Bxc8 Qxc8
17. Ne2 Bd6 18. O-O Bxf4 19. Nxf4 O-O 20. Qe2 Bxb3 21. axb3
Na5 22. Qb2 Qd7 23. Ra1 Rc8 24. Nd3 Qb5 25. Nb4 g6 26. Kh2 Rc7
27. Ra4 h5 28. h4 Kg7 29. g3 Nc4 30. Qc2 Na5 31. Kg2 Nxb3
32. Qxb3 a5 33. Kg1 axb4 34. Qxb4 Qxb4 35. Rxb4 Rxc3 1/2-1/2

[Event "US Championship"]
[Site "Saint Louis USA"]
[Date "2014.05.18"]
[EventDate "2014.05.08"]
[Round "10.3"]
[Result "0-1"]
[White "Joshua E Friedel"]
[Black "Samuel Shankland"]
[WhiteElo "2505"]
[BlackElo "2634"]
[PlyCount "94"]

1. c4 g6 2. Nc3 c5 3. g3 Bg7 4. Bg2 Nc6 5. Nf3 e6 6. d4 cxd4
7. Nb5 d5 8. cxd5 exd5 9. O-O Nge7 10. Bf4 O-O 11. Nc7 Rb8
12. Nb5 Ra8 13. Qd2 Bg4 14. Nbxd4 Qb6 15. Be3 Qa6 16. Nxc6
Nxc6 17. Bh6 Bxh6 18. Qxh6 Bxf3 19. exf3 Qb6 20. Qd2 Rad8
21. f4 Rfe8 22. Rfe1 Rxe1+ 23. Rxe1 d4 24. a3 a5 25. Bf1 a4
26. Bd3 Qa5 27. Qd1 b5 28. Qc1 Qb6 29. f5 Na5 30. h4 Nb3
31. Qf4 Qf6 32. Qc7 Kf8 33. fxg6 hxg6 34. Rd1 Rd5 35. Qb7 Qe5
36. Qc8+ Kg7 37. Qg4 Nc5 38. Bxb5 d3 39. h5 Qxb2 40. Qb4 Qb3
41. Rf1 d2 42. Qf4 Qxb5 43. h6+ Kg8 44. h7+ Kg7 45. Rd1 Qe2
46. Qh6+ Kxh6 47. h8=Q+ Kg5 0-1

[Event "9th Edmonton International"]
[Site "Edmonton, Canada"]
[Date "2014.06.23"]
[EventDate "2014.??.??"]
[Round "3.4"]
[Result "1-0"]
[White "Samuel Shankland"]
[Black "Vladimir Pechenkin"]
[WhiteElo "2632"]
[BlackElo "2311"]
[PlyCount "71"]

1. e4 e6 2. d4 d5 3. Nd2 Be7 4. e5 c5 5. Qg4 Bf8 6. dxc5 Qc7
7. Ngf3 Nd7 8. Bb5 Qxc5 9. c4 dxc4 10. Qxc4 a6 11. Qxc5 Bxc5
12. Bd3 Ne7 13. Ne4 Bb4+ 14. Bd2 Bxd2+ 15. Nexd2 Nc6 16. Nc4
Nb4 17. Bb1 f6 18. O-O Ke7 19. Rd1 b5 20. Na5 Nxe5 21. Nxe5
fxe5 22. Be4 Nd5 23. Bxd5 exd5 24. Rxd5 Kf6 25. Rd6+ Kf5
26. Rc1 Ra7 27. Rc5 Re8 28. f3 Bd7 29. Nb3 Be6 30. Nd2 h5
31. Ne4 h4 32. Rcc6 a5 33. Kf2 Ree7 34. g4+ hxg3+ 35. hxg3
Bxa2 36. Rf6+ 1-0

[Event "9th Edmonton International"]
[Site "Edmonton, Canada"]
[Date "2014.06.24"]
[EventDate "2014.??.??"]
[Round "4.2"]
[Result "1/2-1/2"]
[White "Irina Krush"]
[Black "Samuel Shankland"]
[WhiteElo "2484"]
[BlackElo "2632"]
[PlyCount "129"]

1. d4 d5 2. c4 e6 3. Nc3 Nf6 4. cxd5 exd5 5. Bg5 c6 6. e3 Bf5
7. Qf3 Bg6 8. Bxf6 Qxf6 9. Qxf6 gxf6 10. Kd2 Nd7 11. Bd3 Nb6
12. b3 a5 13. a4 Rg8 14. g3 Bb4 15. Nge2 Rc8 16. Rac1 Ke7
17. Nf4 Nd7 18. Ke2 Bd6 19. Rhg1 Bxf4 20. gxf4 Bxd3+ 21. Kxd3
f5 22. Rg3 Nf6 23. Rcg1 Rg6 24. f3 Rcg8 25. Rg5 h6 26. Rxg6
Rxg6 27. Rxg6 fxg6 28. h4 Kd6 29. Ne2 Nh5 30. Kc3 Kc7 31. Kd2
Ng7 32. Nc1 Ne6 33. Nd3 Kd6 34. Ne5 c5 35. dxc5+ Kxc5 36. Nxg6
Kb4 37. Kc2 Nc5 38. Ne7 d4 39. exd4 Nxb3 40. Nxf5 Kxa4 41. h5
b5 42. d5 Ka3 43. Nxh6 Nd4+ 44. Kd3 b4 45. Ng4 b3 46. Ne5 Ka2
47. Nc4 Nf5 48. Kc3 a4 49. Kb4 a3 50. Nxa3 b2 51. Ka4 Nd6
52. h6 Nc4 53. h7 Nxa3 54. h8=Q b1=Q 55. Qh2+ Nc2 56. Qd2 Qb3+
57. Ka5 Qc4 58. Kb6 Kb3 59. d6 Nd4 60. Qd1+ Kb4 61. Qe1+ Kb3
62. Qb1+ Ka3 63. Qa1+ Kb3 64. Qb1+ Ka3 65. Qa1+ 1/2-1/2

[Event "9th Edmonton International"]
[Site "Edmonton, Canada"]
[Date "2014.06.25"]
[EventDate "2014.??.??"]
[Round "5.5"]
[Result "1-0"]
[White "Samuel Shankland"]
[Black "Dale R Haessel"]
[WhiteElo "2632"]
[BlackElo "2168"]
[PlyCount "21"]

1. c4 c5 2. Nc3 g6 3. g3 Bg7 4. Bg2 Nc6 5. Nf3 e5 6. O-O Nge7
7. a3 d6 8. b4 Nxb4 9. axb4 cxb4 10. Qa4+ Nc6 11. Nd5 1-0

[Event "American Continental"]
[Site "Praia da Pipa BRA"]
[Date "2014.10.18"]
[EventDate "2014.10.18"]
[Round "1.5"]
[Result "1-0"]
[White "Samuel Shankland"]
[Black "Almir Correia Cardoso"]
[WhiteElo "2633"]
[BlackElo "2066"]
[PlyCount "61"]

1. c4 Nf6 2. Nc3 g6 3. e4 d6 4. d4 Bg7 5. Nf3 O-O 6. Be2 e5
7. O-O Nc6 8. d5 Ne7 9. Ne1 Nd7 10. Be3 f5 11. f3 f4 12. Bf2
g5 13. Rc1 Ng6 14. Nb5 Nf6 15. c5 a6 16. cxd6 axb5 17. dxc7
Qe8 18. Qb3 Bd7 19. Nd3 g4 20. Nc5 gxf3 21. gxf3 Rc8 22. d6+
Kh8 23. Nxd7 Qxd7 24. Rfd1 Nxe4 25. Bxb5 Qf5 26. fxe4 Qg4+
27. Kh1 f3 28. Rg1 Qxe4 29. d7 Nf4 30. dxc8=Q Rxc8 31. Qf7 1-0

[Event "American Continental"]
[Site "Praia da Pipa BRA"]
[Date "2014.10.19"]
[EventDate "2014.10.18"]
[Round "2.5"]
[Result "0-1"]
[White "Jaime Tapia Fuentes"]
[Black "Samuel Shankland"]
[WhiteElo "2208"]
[BlackElo "2633"]
[PlyCount "78"]

1. e4 c5 2. Nf3 d6 3. d4 cxd4 4. Nxd4 Nf6 5. Nc3 a6 6. Be2 e6
7. Be3 Qc7 8. a4 b6 9. f4 Bb7 10. Bf3 Nbd7 11. Qe2 Be7 12. g4
Nc5 13. Qg2 O-O 14. g5 Nfd7 15. O-O Rfe8 16. Rad1 Bf8 17. h4
g6 18. h5 e5 19. Nde2 exf4 20. Nxf4 Bg7 21. Nfd5 Qd8 22. Rf2
Rc8 23. Qh3 Ne6 24. hxg6 hxg6 25. Kh1 Ne5 26. Bxb6 Nxg5
27. Qg3 Qd7 28. Bg2 Qg4 29. Qxg4 Nxg4 30. Rf4 Ne5 31. Be3 Nd7
32. Rf2 Ne6 33. Bc1 Bd4 34. Rf3 Kg7 35. Rfd3 Rh8+ 36. Rh3 Ne5
37. Be3 Bxe3 38. Nxe3 Rxh3+ 39. Bxh3 Rh8 0-1